000 00617nam a2200253Ia 4500
005 20250425161723.0
008 250425s9999 xx 000 0 und d
020 _a0826930638
041 _aeng
082 _a671.52
100 _aGIACHINO, JOSEPH W.
245 0 _aWELDING TECHNOLOGY
250 _a2ND ED.
260 _aCHICAGO
260 _aEstados Unidos
_bAMERICAN TECHNICAL SOCIETY
_c1973
300 _a489
650 _aPROCESOS DE SOLDADURA
650 _aSOLDADURA
650 _aSOLDADURA A GAS
650 _aSOLDADURA BLANDA
650 _aSOLDADURA FUERTE
942 _c01
010 _a26632
999 _c214762
_d214762